Sports Quiz

Random Sports or Play Quiz

Shakespeare for Sports Fans Quiz Stats

 Plays Quiz not verified by Sporcle

Challenge
Share
Tweet
Embed
Score 0/24 Timer 08:00
0 Plays Today
Hint Team % Correct
NBA team formerly based in Seattle and called the SuperSonics.Thunder
84.3%
NFL team led to victory by famed QB Joe Namath at Super Bowl III (its only Super Bowl appearance to date.)Jets
82.4%
NFL team that had two Super Bowl appearances while based in Baltimore before changing cities in 1984.Colts
81.1%
NBA team led to four straight division titles by Alonzo Mourning and Tim Hardaway.Heat
80.7%
Winners of the 2013 Super Bowl.Ravens
80.7%
Team that won its first NBA championship in 1999, led by MVP Tim Duncan.Spurs
80.3%
The NFL's longest established team in the northeastern United States.Giants
78.4%
NFL team featured prominently in the Hollywood films 'Invincible' and 'The Silver Linings Playbook'.Eagles
76.7%
NBA team that drafted Dwight Howard as the number one pick in 2004.Magic
76.2%
MLB team with which Ichiro Suzuki set a single-season record for hits with 262 in 2004.Mariners
75.2%
NFL team for which Peyton and Eli's father, Archie Manning, played between 1971-1982.Saints
74.3%
MLB team that won the 1971 World Series with series MVP Roberto Clemente.Pirates
73.9%
Hint Team % Correct
NBA team whose owners made failed attempts to relocate the franchise to Anaheim, Virginia Beach, and Seattle between 2011-2013.Kings
73.3%
MLB team owned by Disney before being sold to advertising magnate Arturo Moreno in 2003.Angels
72%
MLB team with which center fielder Kirby Puckett spent his entire 12-year career.Twins
70.5%
NHL team that originally had 'North' in front of its name, but removed the word shortly before moving south.Stars
70.3%
NHL team whose rivalry with the Edmonton Oilers is part of a longstanding provincial rivalry termed 'The Battle of Alberta'.Flames
69%
NFL team that holds the record for most enshrinees in the Pro Football Hall of Fame as well as the most retired jersey numbers.Bears
66%
MLB team that set an American League record in 2003 with 119 losses.Tigers
63.5%
NBA team Wilt Chamberlain was with when he scored 100 points against the New York Knicks on March 2, 1962.Warriors
62.8%
The first NHL franchise in the United States to win the Stanley Cup.Rangers
62.4%
NBA team whose gorilla mascot, Go, was one of the three inaugural members in the Mascots Hall of Fame in 2005. Suns
60.7%
NHL team infamously dubbed ''a Mickey Mouse Organization'' by Wayne Gretzky in 1983.Devils
50.1%
NHL team that made its first appearance in the Stanley Cup Finals in 2007 under head coach Bryan Murray.Senators
38.9%

You're not logged in!

Compare scores with friends on all Sporcle quizzes.
OR
Log In

You Might Also Like...

Show Comments

Extras

Top Quizzes Today


Score Distribution

Your Account Isn't Verified!

In order to create a playlist on Sporcle, you need to verify the email address you used during registration. Go to your Sporcle Settings to finish the process.

Report this User

Report this user for behavior that violates our Community Guidelines.

Details: